Les Venise de France et du monde - Statistiques

Statistiques générales
  • Ce quiz a été pris 20 fois
  • Le résultat moyen est 8 sur 37
Statistiques - réponses
La Venise Réponse % Correct
Europe Belgique B Bruges
78%
Europe Pays-Bas A Amsterdam
72%
Asie Japon O ou Y Osaka | Yanagawa
61%
Europe Suède S Stockholm
61%
Asie Thaïlande B Bangkok
56%
Europe Russie S Saint-Petersbourg
56%
France picarde 80 Amiens
50%
France des Alpes 73 Annecy
50%
France alsacienne 68 Colmar
50%
Asie Irak B Bassorah
39%
Amérique Brésil R Recife
33%
France du Languedoc 34 Sète
33%
Europe Pologne W Wroclaw
28%
Europe Portugal A Aveiro
22%
France jurassienne 39 Dôle
22%
France du Gâtinais 45 Montargis
22%
France provençale 13 Martigues | Port-Grimaud
17%
France de l'ouest 72 La Ferté-Bernard
11%
France normande 27 Pont-Audemer
11%
France du Nord 62 Saint-Omer
11%
France Béarnaise 64 Salies-de-Béarn
11%
Asie Chine S Suzhou
11%
France de la Beauce 28 Bonneval
6%
France verte 79 Coulon
6%
Afrique Mali D ou M Djenné | Mopti
6%
Amérique Etats-Unis F Fort Lauderdale
6%
Amérique Etats-Unis L Los Angeles
6%
France comtoise 25 Ornans
6%
France du Berry 36 Argenton-sur-Creuse
0%
France du Périgord 24 Brantôme
0%
France de la Brie 77 Coulommiers
0%
Afrique Bénin G Ganvié
0%
France gardoise 30 Goudargues
0%
France auvergnate 63 Issoire
0%
France comtadine 84 L'Isle-sur-Sorgue
0%
Asie Malaisie M Malacca
0%
Asie Inde S Srinagar | Udaipur
0%
Aucun quiz correspondant
Distribution des résultats
% des personnes avec chaque résultat
Percentile par nombre de réponses
Votre historique - résultats
Vous n’avez pas pris ce quiz